National Land Code (Act 56 of 1965) & regulations : (as at 20th March 2001)

Bibliographic Details
Corporate Author: MALAYSIA
Format: Book
Published: Kuala Lumpur : International Law Book Services , 2001
Series:Laws of Malaysia
Subjects:

MARC

LEADER 00000cam a2200000 7i4500
001 0000001949
005 20020715.0
020 0 0 |a 9678911655 
090 0 0 |a R346.595043   |b MAL 2001 
110 1 0 |a MALAYSIA 
245 1 0 |a National Land Code (Act 56 of 1965) & regulations :   |b (as at 20th March 2001)   |c compiled by Legal Research Board 
260 0 0 |a Kuala Lumpur :   |b International Law Book Services ,   |c 2001 
300 |a xxv, 448 p. ;   |c 25 cm. 
440 0 0 |a Laws of Malaysia 
650 0 0 |a Land tenure   |x Law and legislation   |z Malaysia 
650 0 0 |a Land use   |x Law and legislation   |z Malaysia 
998 |a JPSM 
999 |a 0000003268   |b Monograph   |c Reference   |e Default branch